Sociálna a vedomostná ekonomika /

Main Author: Plavčan, Peter, 1960-
Language: Slovak
Published: Brno : MSD, 2020
Edition: Vydanie prvé
Subjects:
Physical Description: 201 stran ; 21 cm
Book
Saved in:
LEADER 01495nam a2200457 i 4500
001 nkc20213304367
003 CZ PrNK
005 20210430145627.0
007 ta
008 210127s2020 xr f 000 0 slo
015 |a cnb003304367 
020 |a 978-80-7392-352-5  |q (brožováno) 
035 |a (OCoLC)1245647506 
040 |a BOA001  |b cze  |e rda 
072 7 |a 33  |x Ekonomie  |2 Konspekt  |9 4 
080 |a 334.012.44  |2 MRF 
080 |a 338:[001+004]  |2 MRF 
080 |a (048.8)  |2 MRF 
100 1 |a Plavčan, Peter,  |d 1960-  |7 utb2015888020  |4 aut 
245 1 0 |a Sociálna a vedomostná ekonomika /  |c Peter Plavčan 
246 3 0 |a Ekonomika 
250 |a Vydanie prvé 
264 1 |a Brno :  |b MSD,  |c 2020 
300 |a 201 stran ;  |c 21 cm 
336 |a text  |b txt  |2 rdacontent 
337 |a bez média  |b n  |2 rdamedia 
338 |a svazek  |b nc  |2 rdacarrier 
500 |a 150 výtisků 
504 |a Obsahuje bibliografii 
650 0 7 |a sociální ekonomika  |7 ph386444  |2 czenas 
650 0 7 |a znalostní ekonomika  |7 ph386458  |2 czenas 
650 0 9 |a social economy  |2 eczenas 
650 0 9 |a knowledge economy  |2 eczenas 
655 7 |a monografie  |7 fd132842  |2 czenas 
655 9 |a monographs  |2 eczenas 
910 2 |a BOA001  |b 2-1459.706 
990 |a BK 
995 |a 01 
991 |b 202104  |c NOV 
996 6 |b 2610856500  |c 2-1459.706  |l MZK  |r Sklad / do 1 hodiny  |n 0  |p p.v.  |w 001843582  |u 000010  |a 1  |e BOA001  |j MZK50  |s P 
996 7 |b 2610856501  |c 2-1459.706  |l MZK  |r Sklad / do 1 hodiny  |n 1  |p p.v.  |w 001843582  |u 000020  |a 1  |e BOA001  |j MZK50  |s A